UM Logo

Hospital quality and patient satisfaction of different Hospitals in Digos City / (Record no. 13164)

MARC details
000 -LEADER
fixed length control field 00681nam a22001697a 4500
008 - FIXED-LENGTH DATA ELEMENTS--GENERAL INFORMATION
fixed length control field 190209b ||||| |||| 00| 0 eng d
082 ## - DEWEY DECIMAL CLASSIFICATION NUMBER
Edition number 2018
Classification number UT 1191
Item number C22
100 ## - MAIN ENTRY--PERSONAL NAME
Personal name Cansancio, Pamela L.
9 (RLIN) 36830
245 ## - TITLE STATEMENT
Title Hospital quality and patient satisfaction of different Hospitals in Digos City /
Statement of responsibility, etc. Pamela L. Cansancio, Chester Lee C. Cole, and Deo Rey G. Savillo
260 ## - PUBLICATION, DISTRIBUTION, ETC. (IMPRINT)
Place of publication, distribution, etc. Digos City:
Name of publisher, distributor, etc. UMDC
Date of publication, distribution, etc. November 2018.
300 ## - PHYSICAL DESCRIPTION
Extent 62 pages;
Dimensions 30 cm.
650 ## - SUBJECT ADDED ENTRY--TOPICAL TERM
Topical term or geographic name as entry element Business Administration
Form subdivision Marketing Management
General subdivision Undergraduate thesis.
9 (RLIN) 36831
700 ## - ADDED ENTRY--PERSONAL NAME
Personal name Cansancio, Pamela L.
9 (RLIN) 36830
700 ## - ADDED ENTRY--PERSONAL NAME
Personal name Cole, Chester Lee C.
9 (RLIN) 36832
700 ## - ADDED ENTRY--PERSONAL NAME
Personal name Savillo, Deo Rey G.
9 (RLIN) 36833
942 ## - ADDED ENTRY ELEMENTS (KOHA)
Source of classification or shelving scheme Dewey Decimal Classification
Koha item type Undergraduate Thesis
Holdings
Withdrawn status Lost status Source of classification or shelving scheme Damaged status Not for loan Collection code Home library Current library Date acquired Total Checkouts Full call number Barcode Date last seen Price effective from Koha item type
    Dewey Decimal Classification     Undergraduate Theses UM Digos College - LIC UM Digos College - LIC 02/04/2019   UT 1191 C22 2018 UT1191 02/09/2019 02/09/2019 Undergraduate Thesis